000 nam a22 a 4500
999 _c4719
_d4719
003 AKMAL
005 20170801092207.0
008 17 s2017 my | e l 000 0 eng d
020 _a9789677011878 (pbk.)
082 0 4 _a347.595 MAL
_223
090 0 0 _a347.595
_bMAL
110 1 _aMalaysia
_9400
240 1 0 _aAkta Undang-Undang Sivil, 1956
_lEnglish
245 1 0 _aCivil Law Act (Act 67) :
_ccompiled by Legal Research Board
260 _aKuala Lumpur :
_bMDC Publishers sdn. bhd ,
_c2017
300 _a26p. ;
_c24cm.
490 1 _aLaws of Malaysia
650 1 0 _aCivil law
_zMalaysia
_93868
710 2 _aLegal Research Board
_93922
830 0 _aLaws of Malaysia
_91830
942 _2ddc
_cBOOK